| 000 | 00571nam a22001937a 4500 | ||
|---|---|---|---|
| 003 | OSt | ||
| 005 | 20160530150506.0 | ||
| 008 | 160530b xxu||||| |||| 00| 0 eng d | ||
| 020 | _a0471370312 | ||
| 040 | _cDLMN. | ||
| 082 | _aQV766B91d 2003. | ||
| 100 |
_aEdited by Abraham,J.Donald; _99103 |
||
| 245 | _aBurger's Medicinal Chemistry and Drug Discovery. | ||
| 260 |
_aNew Jersey. _bA John Wiley&Sons,inc Publications. _c2003. |
||
| 300 |
_axv,1125p; _bill; _c25cm. |
||
| 504 | _aReferences and index are included. | ||
| 650 |
_aPharmacology. _9357 |
||
| 942 |
_2z _cO_SHELF |
||
| 999 |
_c4222 _d4222 |
||